[Event "37th ECC Open 2022"]
[Site "Mayrhofen AUT"]
[Date "2022.10.03"]
[Round "1.4"]
[Board "6"]
[White "Boeddeker, Henry"]
[Black "Sebenik, Matej"]
[Result "0-1"]
[BlackTitle "GM"]
[WhiteElo "2130"]
[BlackElo "2518"]
[WhiteTeam "Schachfreunde Berlin"]
[BlackTeam "TAJFUN - SK Ljubljana"]
[WhiteFideId "12915300"]
[BlackFideId "14602296"]
[EventDate "2022.10.03"]

1. e4 e6 2. d4 d5 3. exd5 exd5 4. Nf3 Nf6 5. Bd3 c5 6. O-O c4 7. Re1+ Be7 8. Bf1
O-O 9. b3 cxb3 10. axb3 Ne4 11. Ba3 Bxa3 12. Nxa3 Nc6 13. c4 Bg4 14. h3 Bxf3 15.
Qxf3 Nxd4 16. Qe3 Qf6 17. cxd5 Nc3 18. Qe5 Nxb3 19. Qxf6 gxf6 20. Re3 Nxa1 21.
Rxc3 Rfc8 22. Bc4 a6 23. d6 b5 24. d7 Rd8 25. Bd5 Ra7 26. Bc6 Kf8 27. Re3 Raxd7
28. Bxd7 Rxd7 29. Kf1 Rc7 30. Ke2 b4 31. Nb1 a5 32. Nd2 a4 33. Re4 Nc2 34. Kd1
a3 35. Nb3 Rc3 36. Re2 Rxb3 37. Rxc2 Rc3 38. Rd2 b3 0-1

[Event "37th ECC Open 2022"]
[Site "Mayrhofen AUT"]
[Date "2022.10.03"]
[Round "1.5"]
[Board "1"]
[White "Suarez Garcia, Carlos"]
[Black "Maghsoodloo, Parham"]
[Result "0-1"]
[WhiteTitle "IM"]
[BlackTitle "GM"]
[WhiteElo "2430"]
[BlackElo "2721"]
[WhiteTeam "Wasa SK"]
[BlackTeam "Clichy-Echecs-92"]
[WhiteFideId "22230858"]
[BlackFideId "12539929"]
[EventDate "2022.10.03"]

1. Nf3 d5 2. b3 Bf5 3. Bb2 e6 4. g3 h6 5. Bg2 Nf6 6. O-O Be7 7. d3 O-O 8. Nbd2
a5 9. a3 Nbd7 10. c4 c6 11. Ra2 Bh7 12. Qa1 Re8 13. Ne5 Bf8 14. Nxd7 Nxd7 15.
Bc3 Nc5 16. d4 Na6 17. Rc1 b5 18. cxb5 cxb5 19. Nf3 Rc8 20. Qb2 Qb6 21. Raa1 b4
22. axb4 Nxb4 23. Bd2 Nc2 24. Ra4 Bb4 25. e3 Rc7 26. Bxb4 axb4 27. Bf1 Rec8 28.
Ne5 Rc3 29. Nd7 Qd8 30. Nc5 Qf6 31. Nd7 Qe7 32. Nc5 e5 33. Rd1 exd4 34. exd4 Qf6
35. Qa2 Nxd4 36. Nd3 Nf3+ 37. Kh1 Bxd3 38. Rxd3 Rxd3 39. Ra8 Rc3 0-1

[Event "37th ECC Open 2022"]
[Site "Mayrhofen AUT"]
[Date "2022.10.03"]
[Round "1.5"]
[Board "2"]
[White "Van Foreest, Jorden"]
[Black "Wedberg, Tom"]
[Result "1-0"]
[WhiteTitle "GM"]
[BlackTitle "GM"]
[WhiteElo "2694"]
[BlackElo "2395"]
[WhiteTeam "Clichy-Echecs-92"]
[BlackTeam "Wasa SK"]
[WhiteFideId "1039784"]
[BlackFideId "1700073"]
[EventDate "2022.10.03"]

1. d4 Nf6 2. c4 e6 3. Nf3 d5 4. Nc3 Be7 5. g3 O-O 6. Bg2 c6 7. O-O Nbd7 8. Ne5
Nxe5 9. dxe5 Nd7 10. cxd5 cxd5 11. e4 dxe4 12. Qh5 Qa5 13. Nxe4 Qxe5 14. Qe2 Nb6
15. Bf4 Qa5 16. Rfd1 Nd5 17. Be5 Bd7 18. Nc3 Nxc3 19. Bxc3 Qc7 20. Qg4 f6 21.
Rac1 Bc6 22. Bxc6 1-0

[Event "37th ECC Open 2022"]
[Site "Mayrhofen AUT"]
[Date "2022.10.03"]
[Round "1.5"]
[Board "3"]
[White "Engqvist, Thomas"]
[Black "Amin, Bassem"]
[Result "0-1"]
[WhiteTitle "IM"]
[BlackTitle "GM"]
[WhiteElo "2333"]
[BlackElo "2667"]
[WhiteTeam "Wasa SK"]
[BlackTeam "Clichy-Echecs-92"]
[WhiteFideId "1700332"]
[BlackFideId "10601457"]
[EventDate "2022.10.03"]

1. e4 e5 2. Nf3 Nc6 3. Nc3 Nf6 4. d4 exd4 5. Nxd4 Bc5 6. Be3 Bb6 7. Nxc6 bxc6 8.
Bxb6 axb6 9. Bd3 O-O 10. O-O Re8 11. Qf3 d6 12. Rfe1 Bd7 13. h3 Ra5 14. Re3 h6
15. Rae1 Rae5 16. a3 b5 17. Bf1 Qb8 18. Qd1 b4 19. f4 R5e7 20. axb4 Qxb4 21. Qf3
d5 22. exd5 Qd4 23. Kf2 Bg4 24. Qg3 Qd2+ 0-1

[Event "37th ECC Open 2022"]
[Site "Mayrhofen AUT"]
[Date "2022.10.03"]
[Round "1.5"]
[Board "4"]
[White "Vocaturo, Daniele"]
[Black "Bellon Lopez, Juan Manuel"]
[Result "1-0"]
[WhiteTitle "GM"]
[BlackTitle "GM"]
[WhiteElo "2615"]
[BlackElo "2318"]
[WhiteTeam "Clichy-Echecs-92"]
[BlackTeam "Wasa SK"]
[WhiteFideId "813192"]
[BlackFideId "2200031"]
[EventDate "2022.10.03"]

1. e4 c5 2. c3 d6 3. d4 Nd7 4. Nf3 e6 5. Bd3 Be7 6. O-O a6 7. a4 Qc7 8. Re1 b6
9. Nbd2 Bb7 10. Nf1 c4 11. Bc2 Rc8 12. Ng3 g6 13. h3 h5 14. Bg5 h4 15. Nf1 e5
16. Qd2 exd4 17. Nxd4 Bxg5 18. Qxg5 Qc5 19. Qd2 Ngf6 20. Rad1 Rd8 21. b4 cxb3
22. Nxb3 Qc7 23. Qxd6 Qxd6 24. Rxd6 Ke7 25. e5 Ne8 26. Rdd1 Nc7 27. Ne3 Ne6 28.
Nc4 Rh5 29. Nd4 Rc8 30. Bb3 Rc7 31. Nd6 Ndc5 32. Bxe6 Nxe6 33. Nxe6 Kxe6 34. Ne8
Rxc3 35. Ng7+ Ke7 36. Nxh5 gxh5 37. Rb1 Rc6 38. Rb4 Rg6 39. Rxh4 Rxg2+ 40. Kf1
Rg5 41. Re3 Bc6 42. Rc4 Bd5 43. Rd4 Be6 44. h4 Rg6 45. Rg3 Rxg3 46. fxg3 b5 47.
a5 Bc4+ 48. Ke1 Ke6 49. Rd6+ Kxe5 50. Rxa6 Kd4 51. Kd2 1-0

[Event "37th ECC Open 2022"]
[Site "Mayrhofen AUT"]
[Date "2022.10.03"]
[Round "1.5"]
[Board "5"]
[White "Reizniece-Ozola, Dana"]
[Black "Tregubov, Pavel V."]
[Result "1/2-1/2"]
[WhiteTitle "WGM"]
[BlackTitle "GM"]
[WhiteElo "2279"]
[BlackElo "2548"]
[WhiteTeam "Wasa SK"]
[BlackTeam "Clichy-Echecs-92"]
[WhiteFideId "11601124"]
[BlackFideId "4115341"]
[EventDate "2022.10.03"]

1. c4 e5 2. g3 Nf6 3. Bg2 Bc5 4. Nc3 Nc6 5. Nf3 d6 6. d3 h6 7. a3 a6 8. b4 Ba7
9. Bb2 O-O 10. O-O Nd4 11. e3 Nxf3+ 12. Bxf3 c6 13. d4 Bh3 14. Re1 exd4 15. exd4
Qd7 16. Qd2 Qf5 17. Bh1 Rae8 18. c5 dxc5 19. dxc5 Bb8 20. Re2 Be5 21. Rae1 Rd8
22. Qc1 Rfe8 23. Ne4 Re6 24. Bxe5 Qxe5 25. Nd6 Qxe2 26. Rxe2 Rxe2 27. Bf3 Re7
28. Bg2 Bxg2 29. Kxg2 Ne8 30. Nc4 Rd5 31. Qf4 Nf6 32. Ne3 Rdd7 33. h4 Re4 34.
Qb8+ Re8 35. Qf4 1/2-1/2

[Event "37th ECC Open 2022"]
[Site "Mayrhofen AUT"]
[Date "2022.10.03"]
[Round "1.5"]
[Board "6"]
[White "Delorme, Axel"]
[Black "Wenzel, Birger"]
[Result "1-0"]
[WhiteTitle "GM"]
[WhiteElo "2469"]
[BlackElo "1953"]
[WhiteTeam "Clichy-Echecs-92"]
[BlackTeam "Wasa SK"]
[WhiteFideId "632023"]
[BlackFideId "4657497"]
[EventDate "2022.10.03"]

1. e4 c6 2. d4 d5 3. e5 Bf5 4. Nd2 e6 5. Nb3 c5 6. dxc5 Bxc5 7. Nxc5 Qa5+ 8. c3
Qxc5 9. Be3 Qc7 10. f4 Ne7 11. Be2 Nd7 12. Nf3 a6 13. O-O O-O 14. Rc1 Rac8 15.
c4 Qd8 16. c5 Bg4 17. b4 Nf5 18. Bf2 f6 19. exf6 Nxf6 20. h3 Bxf3 21. Bxf3 Qd7
22. Re1 Kh8 23. Qe2 Rce8 24. a3 g6 25. g4 Ng7 26. Bd4 Rf7 27. c6 bxc6 28. Qxa6
Ng8 29. Qxc6 Qxc6 30. Rxc6 Rxf4 31. Bxg7+ Kxg7 32. Bxd5 e5 33. g5 Rd4 34. Rc7+
Re7 35. Rxe7+ Nxe7 36. Bg2 Nf5 37. Rxe5 Rd1+ 38. Kf2 Ra1 39. b5 Rxa3 40. b6 Rb3
41. b7 Kf8 42. Ra5 Rb2+ 43. Kg1 Rb1+ 44. Kh2 Ke7 45. Ra8 1-0

[Event "37th ECC Open 2022"]
[Site "Mayrhofen AUT"]
[Date "2022.10.03"]
[Round "1.6"]
[Board "1"]
[White "Kuzubov, Yuriy"]
[Black "Maiwald, Jens-Uwe"]
[Result "1-0"]
[WhiteTitle "GM"]
[BlackTitle "GM"]
[WhiteElo "2612"]
[BlackElo "2441"]
[WhiteTeam "Schachclub Viernheim 1934e.V."]
[BlackTeam "SK Zell/Zillertal"]
[WhiteFideId "14112906"]
[BlackFideId "4612396"]
[EventDate "2022.10.03"]

1. d4 Nf6 2. c4 d6 3. Nf3 g6 4. Nc3 Bg7 5. e4 O-O 6. Be2 Na6 7. O-O c6 8. Re1 e5
9. d5 Nc5 10. Bf1 a5 11. Nd2 a4 12. Rb1 Bd7 13. b4 axb3 14. Nxb3 Na6 15. f3 c5
16. Bg5 h6 17. Bh4 Nb4 18. Rb2 Qc7 19. Nc1 Nh5 20. Rb3 f5 21. a3 Na6 22. Nb5
Bxb5 23. Rxb5 Nb8 24. Qb3 Ra7 25. Na2 Nd7 26. Nc3 Bf6 27. Bf2 Bg5 28. Qb2 b6 29.
Rb3 Ra6 30. Nb5 Qb8 31. g3 Ng7 32. Bh3 Nf6 33. Qe2 fxe4 34. fxe4 h5 35. Rf1 Qd8
36. Rf3 Nh7 37. Rxf8+ Nxf8 38. Be3 Nh7 39. Be6+ Kh8 40. Bf7 1-0

[Event "37th ECC Open 2022"]
[Site "Mayrhofen AUT"]
[Date "2022.10.03"]
[Round "1.6"]
[Board "2"]
[White "Hausner, Ivan"]
[Black "Fedorchuk, Sergey A."]
[Result "0-1"]
[WhiteTitle "IM"]
[BlackTitle "GM"]
[WhiteElo "2266"]
[BlackElo "2619"]
[WhiteTeam "SK Zell/Zillertal"]
[BlackTeam "Schachclub Viernheim 1934e.V."]
[WhiteFideId "300110"]
[BlackFideId "14102536"]
[EventDate "2022.10.03"]

1. d4 Nf6 2. c4 e6 3. g3 d5 4. Nf3 Bb4+ 5. Bd2 Be7 6. Bg2 O-O 7. O-O c6 8. Qc2
Nbd7 9. Bf4 a5 10. b3 Nh5 11. Bd2 f5 12. Nc3 Bd6 13. Rad1 Qe8 14. e3 Nhf6 15.
Ne1 Qh5 16. f4 Ne4 17. Nd3 Nxd2 18. Qxd2 Kh8 19. c5 Bc7 20. a3 b6 21. cxb6 Nxb6
22. Nc5 Bd6 23. Bf3 Qf7 24. Be2 Bxc5 25. dxc5 Nd7 26. b4 Ba6 27. Qd4 Bxe2 28.
Nxe2 Nf6 29. Rb1 axb4 30. axb4 Qh5 31. Qd2 Ra3 32. Nd4 Ne4 33. Qd1 Qh3 34. Rb2
Rxe3 35. Rf3 Qh5 36. Qf1 Rxf3 37. Qxf3 Qe8 38. Ra2 h6 39. Qe3 e5 40. fxe5 Qxe5
41. Nxc6 Qc7 42. Nd4 f4 43. gxf4 Rxf4 44. Ne6 Rg4+ 45. Rg2 Rxg2+ 46. Kxg2 Qd7
47. Nf4 Qg4+ 48. Kf1 Qf5 49. Kg2 d4 50. Qf3 Ng5 51. Qf2 Qe4+ 52. Kg3 d3 53. h4
Nf7 54. Ng2 Ne5 55. Ne3 Ng6 56. h5 Qh4+ 57. Kf3 Qf6+ 58. Kg2 Nf4+ 59. Kh2 Qe5
60. c6 Qxh5+ 61. Kg3 Ne2+ 62. Kg2 Qg6+ 63. Kf1 Qxc6 64. Qf8+ Kh7 65. Qf5+ Kh8
66. Qf8+ Kh7 67. Qf5+ Kg8 68. Qxd3 Ng3+ 69. Ke1 Qh1+ 70. Kd2 Ne4+ 71. Kc2 Qh2+
72. Kb3 Qf4 73. Qd4 Qf7+ 74. Kc2 Qg6 75. b5 Nd6+ 76. Kd2 Qe6 77. b6 h5 78. Qb4
Qd7 79. Qd4 Nc4+ 0-1

[Event "37th ECC Open 2022"]
[Site "Mayrhofen AUT"]
[Date "2022.10.03"]
[Round "1.6"]
[Board "3"]
[White "Wagner, Dennis"]
[Black "Lever, Erwan"]
[Result "1-0"]
[WhiteTitle "GM"]
[WhiteElo "2570"]
[BlackElo "2242"]
[WhiteTeam "Schachclub Viernheim 1934e.V."]
[BlackTeam "SK Zell/Zillertal"]
[WhiteFideId "24650684"]
[BlackFideId "20640099"]
[EventDate "2022.10.03"]

1. e4 c5 2. Nf3 e6 3. c3 d5 4. exd5 Qxd5 5. d4 Nf6 6. Na3 Nc6 7. Be3 cxd4 8. Nb5
Qd8 9. Nbxd4 Nxd4 10. Bxd4 Be7 11. Bd3 O-O 12. Ne5 Qd5 13. O-O Rd8 14. Re1 b5
15. Be2 Qd6 16. Bxb5 Rb8 17. Qe2 Bb7 18. Bxa7 Qd5 19. Nf3 Ra8 20. Bb6 Rdc8 21.
Bd4 Qf5 22. Bd3 Qh5 23. Ne5 Qg5 24. g3 Qh6 25. h4 Nd5 26. c4 Nf4 27. gxf4 Rd8
28. Bc3 Rxd3 29. Qxd3 Qxh4 30. Kf1 Qh1+ 31. Ke2 Qh5+ 32. Nf3 Rd8 33. Rh1 Rxd3
34. Rxh5 Rxf3 35. Rb5 1-0

[Event "37th ECC Open 2022"]
[Site "Mayrhofen AUT"]
[Date "2022.10.03"]
[Round "1.6"]
[Board "4"]
[White "Tabernig, Bernhard"]
[Black "Maze, Sebastien"]
[Result "0-1"]
[WhiteTitle "FM"]
[BlackTitle "GM"]
[WhiteElo "2310"]
[BlackElo "2530"]
[WhiteTeam "SK Zell/Zillertal"]
[BlackTeam "Schachclub Viernheim 1934e.V."]
[WhiteFideId "1600680"]
[BlackFideId "613762"]
[EventDate "2022.10.03"]

1. d4 Nf6 2. c4 g6 3. Nc3 Bg7 4. e4 d6 5. Nf3 O-O 6. Be2 Nbd7 7. O-O e5 8. d5
Nc5 9. Qc2 a5 10. Bg5 h6 11. Be3 b6 12. Nd2 Nh7 13. a3 f5 14. f3 a4 15. Bxc5
bxc5 16. Nxa4 h5 17. Nc3 Bh6 18. Qd3 h4 19. Rf2 Nf6 20. Nf1 Nh5 21. g3 Rf7 22.
Rd1 Bd7 23. Rg2 Kh8 24. Qc2 Qf8 25. Bd3 Qe7 26. Ne2 h3 27. Rf2 Ng7 28. Qc3 Raf8
29. b4 fxe4 30. Bxe4 Nf5 31. bxc5 dxc5 32. Nf4 Bxf4 33. gxf4 Nd4 34. fxe5 Qxe5
35. Qe3 Rf4 36. Nd2 Kg7 37. Rdf1 g5 38. Kh1 Qf6 39. Nb3 Nxb3 40. Qxb3 Qd4 41.
Qd3 Qxd3 42. Bxd3 Rd4 43. Be2 Re8 44. Kg1 Re3 45. Ra1 Ba4 46. Bf1 Rf4 47. Bxh3
Rxc4 48. Rg2 Kf6 49. Rg4 Rxg4+ 50. Bxg4 c4 51. Kf2 Rd3 52. f4 c3 53. fxg5+ Kxg5
54. Be2 Rxd5 55. Rg1+ Kf6 56. Ke3 Re5+ 57. Kf2 c2 58. Bd3 Rh5 59. Ke3 Rxh2 60.
Rg6+ Ke5 61. Rg5+ Kd6 62. Rg6+ Kc5 63. Rg5+ Kb6 64. Rg1 c5 65. Rc1 Bb3 66. Bf5
c4 67. Kd4 Rf2 68. Bg6 Ka5 69. Kc3 Ka4 70. Kb2 Rf3 71. Be8+ Ka5 72. Bg6 Ba4 73.
Bxc2 c3+ 74. Kb1 Bb5 75. Rg1 Bc4 76. Rg5+ Kb6 77. Rg6+ Kc5 78. Rg5+ Kd6 79. Rg6+
Ke7 80. Rg1 Be6 81. Rd1 Bc4 82. Kc1 Ke6 83. Kb1 Ke5 84. Kc1 Rf8 85. Rg1 Rh8 86.
Rg5+ Kf4 87. Rg1 Rh2 88. Re1 Be2 89. a4 Bf3 90. Rf1 Ke3 91. a5 Be2 92. Re1 Kf2
93. Rxe2+ Kxe2 94. Be4 Ke3 95. Bb1 Kd4 96. a6 Rh6 97. a7 Ra6 98. Bf5 Rxa7 99.
Kc2 Rf7 100. Bg6 Rf2+ 101. Kd1 Kc4 102. Bc2 Rf1+ 103. Ke2 Rc1 104. Bh7 Kb3 0-1

[Event "37th ECC Open 2022"]
[Site "Mayrhofen AUT"]
[Date "2022.10.03"]
[Round "1.6"]
[Board "5"]
[White "Libiszewski, Fabien"]
[Black "Schiestl, Josef"]
[Result "1-0"]
[WhiteTitle "GM"]
[WhiteElo "2512"]
[BlackElo "2123"]
[WhiteTeam "Schachclub Viernheim 1934e.V."]
[BlackTeam "SK Zell/Zillertal"]
[WhiteFideId "616834"]
[BlackFideId "1606921"]
[EventDate "2022.10.03"]

1. Nf3 Nf6 2. g3 g6 3. b3 Bg7 4. Bb2 c5 5. c4 Nc6 6. Bg2 O-O 7. O-O d6 8. d4
cxd4 9. Nxd4 Bd7 10. Nc3 a5 11. Ndb5 Qc8 12. Qd2 Bh3 13. Rac1 Bxg2 14. Kxg2 Qf5
15. f3 h5 16. e4 Qd7 17. Na4 Qd8 18. Rfd1 Nd7 19. Bxg7 Kxg7 20. c5 Nxc5 21. Qb2+
Kg8 22. Nxc5 Qb6 23. Nxd6 exd6 24. Nd7 1-0

[Event "37th ECC Open 2022"]
[Site "Mayrhofen AUT"]
[Date "2022.10.03"]
[Round "1.6"]
[Board "6"]
[White "Spindelberger, Paul"]
[Black "Tarlev, Konstantin"]
[Result "0-1"]
[BlackTitle "GM"]
[WhiteElo "1983"]
[BlackElo "2577"]
[WhiteTeam "SK Zell/Zillertal"]
[BlackTeam "Schachclub Viernheim 1934e.V."]
[WhiteFideId "1605356"]
[BlackFideId "14114089"]
[EventDate "2022.10.03"]

1. e4 c5 2. Nf3 d6 3. d4 cxd4 4. Nxd4 Nf6 5. Nc3 a6 6. Be2 e6 7. Be3 Be7 8. O-O
O-O 9. f3 b5 10. a3 Bb7 11. Qd2 Nbd7 12. Nb3 Qc7 13. Rad1 Rfd8 14. Bd3 d5 15.
exd5 Nxd5 16. Nxd5 Bxd5 17. Nc1 Nc5 18. Qf2 Rab8 19. Rd2 Na4 20. c3 Nb6 21. Rfd1
Nc4 22. Bxc4 Bxc4 23. Rxd8+ Rxd8 24. Rxd8+ Qxd8 25. Qd2 Qxd2 26. Bxd2 Bc5+ 27.
Kh1 e5 28. g3 Bf1 29. Nb3 Bf2 30. Na5 f6 31. Nb7 Kf7 32. Nd6+ Ke6 33. Ne4 Bb6
34. Be1 Kd5 35. Nd2 Bh3 36. b3 Be3 0-1

[Event "37th ECC Open 2022"]
[Site "Mayrhofen AUT"]
[Date "2022.10.03"]
[Round "1.7"]
[Board "1"]
[White "Meshkovs, Nikita"]
[Black "Carlsen, Magnus"]
[Result "1/2-1/2"]
[WhiteTitle "GM"]
[BlackTitle "GM"]
[WhiteElo "2566"]
[BlackElo "2856"]
[WhiteTeam "Vammalan Shakkikerho"]
[BlackTeam "Offerspill Chess Club"]
[WhiteFideId "11602740"]
[BlackFideId "1503014"]
[EventDate "2022.10.03"]

1. d4 Nf6 2. c4 e6 3. Nf3 d5 4. g3 Bb4+ 5. Bd2 Be7 6. Bg2 c6 7. Qc2 O-O 8. O-O
b6 9. Bf4 Ba6 10. cxd5 cxd5 11. Rc1 Nbd7 12. Nc3 Nh5 13. Qa4 Nxf4 14. Qxa6 Nxg2
15. Kxg2 Qc8 16. Qxc8 Rfxc8 17. Nb5 Rd8 18. Nc7 Rab8 19. Rc6 Rb7 20. Na6 g5 21.
Rac1 g4 22. Ne1 Nf6 23. Nd3 Bd6 24. Rc8 Rxc8 25. Rxc8+ Kg7 26. h3 h5 27. hxg4
hxg4 28. Nab4 a5 29. Nc6 Nd7 30. a4 Kf6 31. f3 gxf3+ 32. exf3 Kg7 33. Kf2 Nf6
34. g4 Rc7 35. Rxc7 Bxc7 36. Ke3 Ne8 37. Na7 Bb8 38. Nb5 Nf6 39. b3 Nd7 40. f4
Nf6 41. Nf2 Ng8 42. Nd3 Nf6 43. Nf2 Ng8 44. Nd3 1/2-1/2

[Event "37th ECC Open 2022"]
[Site "Mayrhofen AUT"]
[Date "2022.10.03"]
[Round "1.7"]
[Board "2"]
[White "Tari, Aryan"]
[Black "Niemi, Mikko"]
[Result "1-0"]
[WhiteTitle "GM"]
[BlackTitle "FM"]
[WhiteElo "2656"]
[BlackElo "2306"]
[WhiteTeam "Offerspill Chess Club"]
[BlackTeam "Vammalan Shakkikerho"]
[WhiteFideId "1510045"]
[BlackFideId "505374"]
[EventDate "2022.10.03"]

1. e4 d6 2. d4 g6 3. Nf3 Bg7 4. Nc3 a6 5. Be2 b5 6. O-O Bb7 7. e5 e6 8. d5 dxe5
9. dxe6 f6 10. Be3 Ne7 11. Bc5 Nbc6 12. b4 Nf5 13. a4 bxa4 14. Bc4 Bf8 15. Ne4
Ncd4 16. Nxd4 Bxe4 17. e7 Bxe7 18. Qg4 Bxc5 19. Ne6 Qb8 20. Qxe4 Bd6 21. Nxc7+
Bxc7 22. Qc6+ Kd8 23. Qxf6+ Kd7 24. Be6+ Kc6 25. Bxf5+ 1-0

[Event "37th ECC Open 2022"]
[Site "Mayrhofen AUT"]
[Date "2022.10.03"]
[Round "1.7"]
[Board "3"]
[White "Heinola, Vesa"]
[Black "Christiansen, Johan-Sebastian"]
[Result "0-1"]
[WhiteTitle "CM"]
[BlackTitle "GM"]
[WhiteElo "2265"]
[BlackElo "2576"]
[WhiteTeam "Vammalan Shakkikerho"]
[BlackTeam "Offerspill Chess Club"]
[WhiteFideId "1706063"]
[BlackFideId "1512668"]
[EventDate "2022.10.03"]

1. d4 Nf6 2. c4 c5 3. d5 b5 4. Nd2 bxc4 5. e4 e6 6. dxe6 dxe6 7. Bxc4 Bb7 8. Qe2
Nc6 9. Ngf3 Be7 10. O-O O-O 11. e5 Nd5 12. Ne4 Qc7 13. Nc3 Rad8 14. Re1 Nd4 15.
Nxd4 Nxc3 16. bxc3 cxd4 17. cxd4 Rxd4 18. Bb3 Re4 19. Be3 Bg5 20. Bc2 Rxe5 21.
Rac1 Qa5 22. Qd3 Be4 23. Qb3 Bxc2 24. Qxc2 Bxe3 25. Rxe3 Rxe3 26. fxe3 g6 27.
Rd1 Rb8 28. h3 h5 29. Rf1 Qe5 30. Qf2 Rb7 31. Qf3 Rc7 32. Qa8+ Kg7 33. Qf3 a5
34. a4 Qc3 35. Kh2 Qe5+ 36. Kg1 Rd7 37. Kh1 Kh7 38. Qc6 Qc7 39. Qf3 Qc4 40. Ra1
Kg7 41. Kg1 Rd5 42. Qf2 Qc3 43. Re1 Rd2 44. Qg3 Rd5 45. Rf1 Re5 46. Rf3 Qc1+ 47.
Kh2 Qc7 48. Rf4 Rc5 49. h4 Rc3 50. Kh3 e5 51. Rf3 e4 52. Rf4 Qc5 53. Kh2 Rxe3
54. Qf2 f5 55. Qb2+ Rc3 56. Rf2 Qb4 57. Qd2 Rd3 58. Qg5 Qd6+ 59. g3 e3 60. Rxf5
Rd2+ 61. Kg1 Rd1+ 0-1

[Event "37th ECC Open 2022"]
[Site "Mayrhofen AUT"]
[Date "2022.10.03"]
[Round "1.7"]
[Board "4"]
[White "Urkedal, Frode Olav Olsen"]
[Black "Kauko, Jussi"]
[Result "1-0"]
[WhiteTitle "GM"]
[BlackTitle "FM"]
[WhiteElo "2523"]
[BlackElo "2250"]
[WhiteTeam "Offerspill Chess Club"]
[BlackTeam "Vammalan Shakkikerho"]
[WhiteFideId "1506102"]
[BlackFideId "501794"]
[EventDate "2022.10.03"]

1. d4 Nf6 2. c4 c5 3. d5 e6 4. Nc3 exd5 5. cxd5 d6 6. e4 g6 7. f4 Bg7 8. Bb5+
Nfd7 9. a4 O-O 10. Nf3 Na6 11. O-O Nb4 12. h3 a6 13. Bc4 Re8 14. Re1 Nb6 15. Bf1
Bd7 16. Be3 Rc8 17. Bf2 Na8 18. Qd2 Nc7 19. Bh4 f6 20. e5 Bf5 21. Rac1 g5 22.
exd6 gxh4 23. dxc7 Rxc7 24. Nxh4 Bd7 25. d6 Rc6 26. Bc4+ Kh8 27. Rxe8+ Bxe8 28.
Rd1 Bd7 29. f5 Rc8 30. Be6 Nc6 31. Nf3 Rb8 32. Qf2 b6 33. Ne2 Bh6 34. Qh4 Be3+
35. Kh1 Ne5 36. Nxe5 fxe5 37. Qg3 Bh6 38. Bxd7 Qxd7 39. Qxe5+ Kg8 40. Qe6+ Qxe6
41. fxe6 Kf8 42. Ng3 1-0

[Event "37th ECC Open 2022"]
[Site "Mayrhofen AUT"]
[Date "2022.10.03"]
[Round "1.7"]
[Board "5"]
[White "Torkkola, Henri"]
[Black "Haug, Johannes"]
[Result "0-1"]
[BlackTitle "IM"]
[WhiteElo "2174"]
[BlackElo "2478"]
[WhiteTeam "Vammalan Shakkikerho"]
[BlackTeam "Offerspill Chess Club"]
[WhiteFideId "507660"]
[BlackFideId "1509268"]
[EventDate "2022.10.03"]

1. d4 Nf6 2. Bf4 b6 3. e3 Bb7 4. Nd2 d6 5. h3 g6 6. Ngf3 Bg7 7. Be2 O-O 8. O-O
Nbd7 9. a4 a5 10. c3 Qe8 11. Bh2 e5 12. dxe5 dxe5 13. Bb5 Qe7 14. Qc2 Rad8 15.
Rad1 Nd5 16. Rfe1 h6 17. Bc4 Nc5 18. e4 Nf4 19. Bxf4 exf4 20. e5 Kh7 21. h4 Bc8
22. Nd4 Qxh4 23. N2f3 Qg4 24. b4 Ne6 25. Nb5 Bb7 26. Be2 Bxe5 27. Rxd8 Rxd8 28.
Rd1 Rxd1+ 29. Qxd1 Ng5 30. Nxg5+ Qxg5 31. Bf3 Bxf3 32. Qxf3 Qf5 33. bxa5 bxa5
34. Nd4 Qb1+ 35. Kh2 Qe1 36. Ne2 Qd2 37. Kh3 Qd1 38. g3 Qxa4 39. Qd5 Qe8 40.
gxf4 Bg7 41. Nd4 a4 42. f5 Bxd4 43. fxg6+ Kxg6 44. Qxd4 Qe6+ 45. Kg2 a3 46. Qd3+
Kg7 47. Qd4+ Kh7 48. c4 Qg6+ 49. Kh3 a2 0-1

[Event "37th ECC Open 2022"]
[Site "Mayrhofen AUT"]
[Date "2022.10.03"]
[Round "1.7"]
[Board "6"]
[White "Ranaldi, Lucas"]
[Black "Varpanen, Jan"]
[Result "1-0"]
[WhiteTitle "FM"]
[WhiteElo "2369"]
[BlackElo "2106"]
[WhiteTeam "Offerspill Chess Club"]
[BlackTeam "Vammalan Shakkikerho"]
[WhiteFideId "1519484"]
[BlackFideId "505218"]
[EventDate "2022.10.03"]

1. c4 Nf6 2. Nc3 c5 3. g3 Nc6 4. Bg2 g6 5. e3 Bg7 6. Nge2 O-O 7. d4 d6 8. h3 h6
9. O-O cxd4 10. exd4 e5 11. Be3 Qe7 12. d5 Na5 13. b3 b6 14. Qd2 Kh7 15. f4 exf4
16. Rxf4 Bd7 17. Raf1 Rad8 18. Rh4 Ng8 19. Bg5 f6 20. Re4 Qf7 21. Bf4 Nb7 22. g4
f5 23. gxf5 Bxf5 24. Re3 Nf6 25. Nd4 Rde8 26. Ne6 Rg8 27. Nb5 Nh5 28. Nxd6 Nxd6
29. Bxd6 Qd7 30. Nxg7 Rxe3 31. Nxh5 Qxd6 32. Qxe3 gxh5 33. Rxf5 Rxg2+ 34. Kxg2
Qg6+ 35. Kh2 Qxf5 36. Qe7+ Kh8 37. Qe8+ Kh7 38. Qe7+ Kh8 39. Kg3 h4+ 40. Qxh4
Qd3+ 41. Kg2 Qc2+ 42. Qf2 Qe4+ 43. Kg3 b5 44. Qf6+ Kh7 45. Qe6 Qd3+ 46. Kf4 Qd2+
47. Ke5 bxc4 48. Qf5+ Kg7 49. Qg4+ Kh7 50. bxc4 Qxa2 51. d6 Qa5+ 52. Ke6 Qa6 53.
Kf7 1-0

[Event "37th ECC Open 2022"]
[Site "Mayrhofen AUT"]
[Date "2022.10.03"]
[Round "1.8"]
[Board "1"]
[White "Korobov, Anton"]
[Black "Bruedigam, Martin"]
[Result "1/2-1/2"]
[WhiteTitle "GM"]
[BlackTitle "IM"]
[WhiteElo "2672"]
[BlackElo "2375"]
[WhiteTeam "Silla - València Origin of Chess"]
[BlackTeam "SK König Tegel 1949"]
[WhiteFideId "14105730"]
[BlackFideId "24608033"]
[EventDate "2022.10.03"]

1. e4 c6 2. Nc3 d5 3. Nf3 dxe4 4. Nxe4 Nf6 5. Qe2 Nxe4 6. Qxe4 Qd5 7. Qh4 Qe6+
8. Be2 Qg4 9. Qg3 Qxg3 10. hxg3 g6 11. d4 Bf5 12. c3 h5 13. Bg5 Bg7 14. O-O-O
Nd7 15. Rhe1 Nf6 16. Bc4 e6 17. Re2 Bg4 18. Kc2 Nd5 19. Bb3 a5 20. a3 a4 21. Ba2
b5 22. Rh1 Bxf3 23. gxf3 Kd7 24. Bd2 Bf6 25. Ree1 Be7 26. Kd1 Rae8 27. Bb1 Nb6
28. Bd3 Bd6 29. Rh3 Nc4 30. Bc1 f5 31. f4 1/2-1/2